000 00708nmc a2200265 a 4500
003 AR-BaBNM
005 20251128211714.0
008 115120s1985 ||||||||||||||000 | spa||
020 _a950-9589-04-7
040 _cAR-BaBNM
100 1 _aAleijem, Scholem
245 1 0 _aEl violinista sobre el tejado
_bTevie, el lechero
246 1 _aTevie, el lechero
260 _aBuenos Aires
_bEdiciones Pedagógicas
_c1985
300 0 _a115 p.
490 0 _aColección Litercuentos
_vv. 7
650 4 _aLITERATURA JUDIA
650 4 _aLITERATURA CONTEMPORANEA
650 4 _aREALISMO
653 0 _aNARRATIVA
655 _aLITERATURA
700 1 _aSinay, Rubén
_etraductor
942 _cBK
998 _cmartin
999 _c20793
_d20793